Michael Jackson Filmography - Statistics

General Stats
  • This quiz has been taken 77 times
    23 since last reset
  • The average score is 6 of 128
Answer Stats
Type Year Name % Correct
Film 1988 Michael Jackson's Moonwalker
67%
Video Game 1989 Moonwalker
67%
Film 1978 The Wiz
58%
Film 2002 Men in Black II
50%
Commercial 1980s Pepsi
50%
TV Show 1991 The Simpsons
42%
TV Documentary 2009 Michael Jackson
33%
Short Film 1986 Captain EO
25%
Documentary Mini-Series 2022 Janet Jackson.
25%
Concert Film 2009 Michael Jackson's This Is It
25%
Short Film 1996 Michael Jackson's Ghosts
17%
TV Show 1976-1977 The Jacksons
17%
TV Special 1975 The Jacksons in Concert
17%
TV Documentary 2019 Leaving Neverland
8%
Documentary 2020 Leaving Neverland
8%
TV Documentary 2017 Michael Jackson: Man in the Mirror
8%
Video Game 1999 Space Channel 5
8%
Video Game 2002 Space Channel 5: Part 2
8%
TV Show 1977, 1979 The Midnight Special
8%
Documentary 2023 Thriller 40
8%
TV Show 1972, 1977, 1979, 1983, 1995 Top of the Pops
8%
Documentary 2020 2019: The Year They Tried to Cancel Michael Jackson Again
0%
Documentary 2010 4 the Fans: Michael Jackson
0%
TV Documentary 2020 Akte Spezial: Michael Jackson Auf Der Suche Nach Der Wahrheit
0%
TV Show 1970, 1972, 1975, 1979 American Bandstand
0%
TV Film 1978 A Special Sesame Street Christmas
0%
Documentary 2012 Bad 25
0%
Documentary 2005 Behind the Scenes at the Michael Jackson Trial
0%
TV Documentary 2005 Camp Michael Jackson
0%
TV Show 1975, 1976 Dinah!
0%
TV Documentary 2009 Doctor Prince & Mister Jackson
0%
Short Film 2005 Exit
0%
Documentary 2022 Fatal Addiction: Michael Jackson
0%
Short Film 2008 Frat
0%
TV Special 1974 Free to Be... You & Me
0%
TV Special 1971 Goin' Back to Indiana
0%
Documentary 2019 Humanitarian: The Real Michael Jackson
0%
Concert Film 2009 Jackson Five in Africa
0%
TV Documentary 2003 Jay-Kid and Michael Jackson
0%
TV Documentary 2019 Killing Michael Jackson
0%
Commercial 1990 LA Gear
0%
Documentary 2025 Leaving Neverland 2: Surviving Michael Jackson
0%
TV Documentary 2003 Living with Michael Jackson: A Tonight Special
0%
TV Show 1998 MADtv
0%
TV Documentary 2007 Micchaku Michael Jackson in Japan: Shirarezaru Nanoka Kan
0%
TV Special 2001 Michael Jackson: 30th Anniversary Celebration
0%
Documentary 2019 Michael Jackson: A Case for Innocence 2019
0%
TV Documentary 2009 Michael Jackson: A Life in Pop
0%
TV Documentary 2010 Michael Jackson and Bubbles: The Untold Story
0%
TV Special 1999 Michael Jackson and Friends: A Concert for Kosovo's Children
0%
TV Documentary 2004 Michael Jackson and the Boy He Paid Off
0%
Documentary 2003 Michael Jackson: A Remarkable Life
0%
Documentary 2019 Michael Jackson: Chase the Truth
0%
Documentary 2010 Michael Jackson Commemorated
0%
Documentary 2009 Michael Jackson: Devotion
0%
TV Special 1997 Michael Jackson: HIStory Live
0%
TV Documentary 2009 Michael Jackson: King of Pop
0%
Documentary 2012 Michael Jackson: Life, Death and Legacy
0%
TV Documentary 2009 Michael Jackson: Life of a Superstar
0%
TV Special 1992 Michael Jackson Live in Bucharest: The Dangerous Tour
0%
TV Special 1993 Michael Jackson Live in Mexico: The Dangerous Tour
0%
TV Documentary 1987 Michael Jackson - Mega Star
0%
TV Special 2009 Michael Jackson Memorial
0%
Documentary 2013 Michael Jackson: Moscow Case 1993
0%
TV Special 1995 Michael Jackson: One Night Only
0%
Documentary 2018 Michael Jackson: Remember the King
0%
TV Documentary 2005 Michael Jackson's Boys
0%
Documentary 2016 Michael Jackson's Journey from Motown to Off the Wall
0%
TV Documentary 2009 Michael Jackson's Last Days: What Really Happened
0%
TV Documentary 2003 Michael Jackson's Private Home Videos
0%
TV Special 1993 Michael Jackson Talks to... Oprah Live
0%
TV Documentary 2012 Michael Jackson: The Immortal World Tour
0%
TV Documentary 2010 Michael Jackson: The Inside Story - What Killed the King of Pop?
0%
Documentary 2010 Michael Jackson: The Interview Collection
0%
Documentary 2014 Michael Jackson: The Journey
0%
Documentary 2014 Michael Jackson: The Last Photo Shoot
0%
Documentary 2009 Michael Jackson: The Legacy
0%
Documentary 1989 Michael Jackson: The Legend Continues
0%
Documentary 2011 Michael Jackson: The Life of an Icon
0%
TV Special 1987 Michael Jackson: The Magic Returns
0%
TV Documentary 2004 Michael Jackson: The One
0%
Documentary 2010 Michael Jackson: The Secrets of a Legend
0%
Documentary 2009 Michael Jackson: The Trial and Triumph of the King of Pop
0%
TV Documentary 2017 Michael Jackson: The Ultimate Icon
0%
Documentary 2024 Michael Jackson: Ungloved
0%
TV Documentary 2009 Michael Jackson Unmasked
0%
Documentary 2017 Michael Jackson: What If?
0%
TV Documentary 2007 Michael Jackson: What Really Happened
0%
Documentary 2020 Michael Jackson: Who Was the Man in the Mirror?
0%
Film 2004 Miss Cast Away and the Island Girls
0%
Documentary 2009 Moonwalking: The True Story of Michael Jackson - Uncensored
0%
TV Special 1983 Motown 25: Yesterday, Today, Forever
0%
TV Show 2009 Move Like Michael Jackson
0%
TV Documentary 2009 My Friend Michael Jackson: Uri's Story
0%
Short Documentary 2019 Neverland Firsthand: Investigating the Michael Jackson Documentary
0%
TV Show 1979 Rock Concert
0%
TV Special 1990 Sammy Davis, Jr. 60th Anniversary Celebration
0%
TV Show 1972-1974, 1979 Soul Train
0%
Film 2000 Spiral
0%
Documentary 2019 Square One: Michael Jackson
0%
TV Film 1999 Swing Vote
0%
TV Documentary 2015 The 10 Faces of Michael Jackson
0%
TV Show 1972 The ABC Comedy Hour
0%
TV Show 1970 The Andy Williams Show
0%
TV Show 1973 The Bob Hope Show
0%
TV Show 1974, 1975, 1976 The Carol Burnett Show
0%
TV Show 1969, 1970 The Ed Sullivan Show
0%
TV Documentary 2002 The Essential Michael Jackson
0%
Documentary 2017 The Jackson 5... Million
0%
TV Documentary 1994 The Jackson Family Honors
0%
TV Documentary 2003 The Jacksons: America's First Family of Music
0%
TV Show 1970 The Jim Nabors Show
0%
TV Documentary 2018 The Last Days of Michael Jackson
0%
TV Show 1998 The Lionhearts
0%
Documentary 1983 The Making of 'Thriller'
0%
TV Show 1974 The Merv Griffin Show
0%
TV Documentary 2003 The Michael Jackson Interview: The Footage You Were Never Meant to See
0%
TV Documentary 2003 The Michael Jackson Story
0%
TV Show 1974, 1978 The Mike Douglas Show
0%
TV Film 1985 The Other Lover
0%
TV Documentary 2020 The Real Michael Jackson
0%
TV Show 1972 The Sonny and Cher Comedy Hour
0%
TV Show 1976 The Sonny and Cher Show
0%
TV Show 1974 The Sonny Comedy Revue
0%
TV Documentary 2005 Wacko About Jacko
0%
Short Film 2008 Welcome to Corporate Corp
0%
TV Special 2020 Who Was Michael Jackson: Interview with Taj Jackson
0%
TV Show 1988 Wired
0%
No matching quizzes found
Score Distribution
Percent of People with Each Score
Percentile by Number Answered
Your Score History
You have not taken this quiz since the last reset